[Event "Kuprejanov Memorial"]
[Site "Toronto"]
[Date "2003.??.??"]
[Round "8"]
[White "Lucki, Arnie"]
[Black "Bergeron, Florian"]
[Result "1-0"]
[WhiteElo "2003"]
[BlackElo "1843"]
[PlyCount "87"]
[EventDate "2003.04.??"]
[EventType "tourn"]
[EventRounds "9"]
[EventCountry "CAN"]
[SourceTitle "EXT 2006"]
[Source "ChessBase"]
[SourceDate "2005.11.24"]
[SourceVersion "1"]
[SourceVersionDate "2005.11.24"]
[SourceQuality "1"]

1. e4 e6 2. d4 d5 3. Nc3 Nf6 4. e5 Nfd7 5. f4 c5 6. Nf3 Nc6 7. Be3 cxd4 8. Nxd4 Bc5 9. Qd2 a6 10. 0-0-0 Nxd4 11. Bxd4 Qc7 12. g4 Bxd4 13. Qxd4 Qc5 14. Qd2 b5 15. Bg2 Ra7 16. Rhe1 0-0 17. f5 Kh8 18. Qg5 Rc7 19. Rd2 Bb7 20. Qf4 Nb6 21. Bf1 b4 22. Nb1 Rfc8 23. f6 g6 24. Qh6 Qf8 25. Qe3 Nc4 26. Bxc4 Rxc4 27. g5 Qc5 28. Qd3 a5 29. b3 Rc3 30. Nxc3 bxc3 31. Rg2 a4 32. Rg4 axb3 33. axb3 Qa3+ 34. Kd1 Ba6 35. Ra4 Qxa4 36. bxa4 Bxd3 37. cxd3 Ra8 38. Kc2 d4 39. Rb1 h5 40. Rb4 Ra5 41. Rxd4 Rxe5 42. h4 Rc5 43. Rc4 Ra5 44. Kxc3 1-0

[Event "Toronto Remembrance Day op"]
[Site "Toronto"]
[Date "2002.11.08"]
[Round "1"]
[White "Lucki, Arnie"]
[Black "Southam, David"]
[Result "1/2-1/2"]
[WhiteElo "1955"]
[BlackElo "2210"]
[PlyCount "69"]
[EventDate "2002.11.08"]
[EventType "swiss"]
[EventRounds "5"]
[EventCountry "CAN"]
[SourceTitle "EXT 2007"]
[Source "ChessBase"]
[SourceDate "2006.11.23"]
[SourceVersion "1"]
[SourceVersionDate "2006.11.23"]
[SourceQuality "1"]

1. d4 d5 2. Bf4 Bf5 3. e3 e6 4. Nf3 Nf6 5. Bd3 Bd6 6. Ne5 Nbd7 7. Bxf5 exf5 8. Qd3 g6 9. Nc3 Qe7 10. Nxd7 Qxd7 11. Be5 Bxe5 12. dxe5 Ng4 13. Qd4 0-0 14. h3 c5 15. Qf4 d4 16. 0-0-0 Qe7 17. hxg4 dxc3 18. Rxh7 cxb2+ 19. Kb1 Kxh7 20. Rh1+ Kg8 21. Qh6 f6 22. Qh8+ Kf7 23. Rh7+ Ke6 24. Rxe7+ Kxe7 25. exf6+ Ke6 26. gxf5+ gxf5 27. Qh4 Rac8 28. e4 fxe4 29. Qxe4+ Kxf6 30. Qxb7 Rb8 31. Qc6+ Kg7 32. Qxc5 Rh8 33. Qe5+ Kg6 34. Qe4+ Kg7 35. Qe5+ 1/2-1/2

[Event "Toronto Anderson Memorial"]
[Site "Toronto"]
[Date "2002.11.04"]
[Round "6"]
[White "Lucki, Arnie"]
[Black "Veltmann, Martin"]
[Result "0-1"]
[WhiteElo "1916"]
[BlackElo "2083"]
[PlyCount "46"]
[EventDate "2002.09.23"]
[EventType "tourn"]
[EventRounds "9"]
[EventCountry "CAN"]
[SourceTitle "EXT 2022"]
[Source "ChessBase"]
[SourceDate "2021.10.06"]
[SourceVersion "1"]
[SourceVersionDate "2021.10.06"]
[SourceQuality "1"]

1. e4 c5 2. Nc3 Nc6 3. g3 g6 4. Bg2 Bg7 5. Nge2 d6 6. 0-0 e6 7. f4 Nge7 8. d3 0-0 9. Rb1 Rb8 10. Be3 Nd4 11. b4 Nxe2+ 12. Nxe2 cxb4 13. Rxb4 Nc6 14. Rb5 Bd7 15. Qb1 b6 16. d4 Qc7 17. f5 Rfc8 18. e5 dxe5 19. f6 Bf8 20. Bxc6 Qxc6 21. Rb2 Qe4 22. Qc1 Ba3 23. Bh6 Bxb2 0-1

[Event "Toronto CMA Futurity qual"]
[Site "Toronto"]
[Date "2002.07.27"]
[Round "3"]
[White "Lucki, Arnie"]
[Black "Noritsyn, Nikolay"]
[Result "0-1"]
[WhiteElo "1873"]
[BlackElo "2065"]
[PlyCount "60"]
[EventDate "2002.07.26"]
[EventType "swiss"]
[EventRounds "5"]
[EventCountry "CAN"]
[SourceTitle "EXT 2003"]
[Source "ChessBase"]
[SourceDate "2002.11.25"]
[SourceVersion "1"]
[SourceVersionDate "2002.11.25"]
[SourceQuality "1"]

1. e4 e5 2. Nc3 Nc6 3. f4 exf4 4. Nf3 Nf6 5. Bc4 d6 6. d4 Be7 7. 0-0 0-0 8. Bxf4 Bg4 9. Qd2 Nxe4 10. Bxf7+ Rxf7 11. Nxe4 d5 12. Nfg5 Rf8 13. Nc5 Bxc5 14. dxc5 h6 15. Nf3 Bxf3 16. Rxf3 d4 17. Rg3 Kh7 18. Qd3+ Kh8 19. Bxh6 gxh6 20. Qg6 Qf6 21. Qd3 Ne5 22. Qd2 Nc4 23. Qd3 Nxb2 24. Qd2 Nc4 25. Qd3 Ne5 26. Qd2 Qf4 27. Qe2 Rae8 28. Rh3 Ng4 29. Qf3 Qd2 30. Qg3 Re3 0-1

[Event "Toronto Dutton CC ch"]
[Site "Toronto"]
[Date "2002.06.26"]
[Round "6"]
[White "Lucki, Arnie"]
[Black "Richardson, Ross"]
[Result "1-0"]
[WhiteElo "1914"]
[BlackElo "1921"]
[PlyCount "63"]
[EventDate "2002.05.22"]
[EventType "swiss"]
[EventRounds "6"]
[EventCountry "CAN"]
[SourceTitle "EXT 2022"]
[Source "ChessBase"]
[SourceDate "2021.10.06"]
[SourceVersion "1"]
[SourceVersionDate "2021.10.06"]
[SourceQuality "1"]

1. d4 f5 2. e4 fxe4 3. Nc3 Nf6 4. Bg5 Nc6 5. d5 Ne5 6. Qd4 Nf7 7. h4 c6 8. 0-0-0 Qb6 9. Bxf6 gxf6 10. Qxe4 Qxf2 11. Nf3 Bh6+ 12. Kb1 Qe3 13. Qg4 d6 14. Qh5 Rg8 15. dxc6 bxc6 16. Bc4 Rg6 17. Rhe1 Qf4 18. Bxf7+ Kxf7 19. Ng5+ Bxg5 20. Qxh7+ Rg7 21. Rxe7+ Kxe7 22. Qxg7+ Kd8 23. hxg5 fxg5 24. g3 Qxg3 25. Ne4 Qg4 26. Qf8+ Kc7 27. Qxd6+ Kb6 28. Qd8+ Ka6 29. Nc5+ Kb5 30. a4+ Kxc5 31. Qa5+ Kc4 32. Qc3# 1-0

[Event "Toronto Malcolm Memorial Sim-1"]
[Site "Toronto"]
[Date "2002.03.20"]
[Round "5"]
[White "Noritsyn, Nikolay"]
[Black "Lucki, Arnie"]
[Result "1-0"]
[WhiteElo "2119"]
[BlackElo "1934"]
[PlyCount "85"]
[EventDate "2002.02.13"]
[EventType "tourn"]
[EventRounds "9"]
[EventCountry "CAN"]
[SourceTitle "EXT 2022"]
[Source "ChessBase"]
[SourceDate "2021.10.06"]
[SourceVersion "1"]
[SourceVersionDate "2021.10.06"]
[SourceQuality "1"]

1. e4 d6 2. d4 Nf6 3. Nc3 g6 4. Nf3 Bg7 5. Be3 c6 6. Qd2 b5 7. Bd3 a6 8. Ne2 Qc7 9. Ng3 Bb7 10. h4 h5 11. Ng5 Ng4 12. f4 c5 13. c3 Nd7 14. f5 Nxe3 15. Qxe3 cxd4 16. cxd4 Qa5+ 17. Ke2 Qb4 18. fxg6 Qxb2+ 19. Kf3 0-0 20. gxf7+ Rxf7+ 21. Nxf7 Rf8 22. Nf5 Rxf7 23. Kg3 e6 24. Rab1 Qxa2 25. Nxd6 Bxd4 26. Qxd4 Rg7+ 27. Qxg7+ Kxg7 28. Nxb7 Qa3 29. Rhd1 Ne5 30. Ra1 Qc3 31. Rac1 Qa3 32. Nc5 a5 33. Nxe6+ Kf6 34. Nf4 Nxd3 35. Nxd3 b4 36. Kf4 b3 37. e5+ Ke7 38. Nf2 Qb4+ 39. Ne4 a4 40. Rc7+ Ke8 41. Kf5 b2 42. Nf6+ Kf8 43. Rd8# 1-0

[Event "Toronto-ch res"]
[Site "Toronto"]
[Date "2001.01.31"]
[Round "8"]
[White "Lucki, Arnie"]
[Black "Cohen, David"]
[Result "0-1"]
[WhiteElo "1855"]
[BlackElo "1956"]
[PlyCount "106"]
[EventDate "2001.??.??"]
[EventType "tourn"]
[EventRounds "11"]
[EventCountry "CAN"]
[SourceTitle "EXT 2003"]
[Source "ChessBase"]
[SourceDate "2002.11.25"]
[SourceVersion "1"]
[SourceVersionDate "2002.11.25"]
[SourceQuality "1"]

1. c4 e5 2. Nc3 Nf6 3. g3 d5 4. cxd5 Nxd5 5. Bg2 Nxc3 6. bxc3 Be7 7. Rb1 c6 8. e3 0-0 9. Ne2 Qd3 10. Bb2 Bf5 11. Ra1 Nd7 12. 0-0 Rfd8 13. Nc1 Qb5 14. Qb3 Qxb3 15. axb3 e4 16. f3 exf3 17. Bxf3 Bh3 18. Rf2 Ne5 19. d4 Nxf3+ 20. Rxf3 f5 21. Nd3 Bg4 22. Rf2 Bg5 23. Nf4 Re8 24. Bc1 a5 25. Kg2 Bd1 26. Ra3 Be7 27. Ra1 Bxb3 28. Rb2 a4 29. Nd3 b5 30. Bd2 Bd5+ 31. Kf2 Bd6 32. Nb4 Bxb4 33. cxb4 Kf7 34. Ra3 Re6 35. Kg1 Bb3 36. Bc1 Rae8 37. Rf2 g6 38. Ra1 Re4 39. Bd2 Ke6 40. Rc1 Bc4 41. Rc3 Ra8 42. Bc1 Kd5 43. Rf3 Ke6 44. Rf2 Rg4 45. Rfc2 Kd5 46. Kg2 Rc8 47. Kf3 Re4 48. Kg2 Rc7 49. Rf2 Kd6 50. Ba3 Bd5 51. Kf1 Rce7 52. Bc1 Rg4 53. e4 Rgxe4 0-1

[Event "Toronto-ch res"]
[Site "Toronto"]
[Date "2001.01.19"]
[Round "4"]
[White "Lucki, Arnie"]
[Black "Richardson, Ross"]
[Result "1-0"]
[WhiteElo "1885"]
[BlackElo "1950"]
[PlyCount "75"]
[EventDate "2001.??.??"]
[EventType "tourn"]
[EventRounds "11"]
[EventCountry "CAN"]
[SourceTitle "EXT 2003"]
[Source "ChessBase"]
[SourceDate "2002.11.25"]
[SourceVersion "1"]
[SourceVersionDate "2002.11.25"]
[SourceQuality "1"]

1. d4 d5 2. c4 e6 3. g3 Nf6 4. Bg2 Be7 5. Nf3 dxc4 6. Qa4+ Bd7 7. Qxc4 Bc6 8. 0-0 0-0 9. Nc3 a6 10. Bg5 b5 11. Qd3 Nbd7 12. Ne5 Bxg2 13. Kxg2 Nxe5 14. dxe5 Nd7 15. Bxe7 Qxe7 16. f4 Nc5 17. Qe3 b4 18. Ne4 Nxe4 19. Qxe4 Rab8 20. Rfd1 Rfd8 21. Qc6 Rb6 22. Qc5 Qxc5 23. Rxd8+ Qf8 24. Rxf8+ Kxf8 25. Rc1 c6 26. Rc5 Ke7 27. Kf3 Kd7 28. Ke4 Ke7 29. Kd4 Kd7 30. Ra5 h5 31. e4 g6 32. Kc5 Kc7 33. b3 Kb7 34. Kd6 Rb5 35. Rxb5+ cxb5 36. Ke7 a5 37. Kxf7 a4 38. Kxe6 1-0